|
|
|
|
| LEADER |
00000nam2a2200000 4500 |
| 001 |
158460 |
| 005 |
20231031154432.0 |
| 010 |
|
|
|a 5280008265
|
| 035 |
|
|
|a (RuTPU)RU\TPU\book\171853
|
| 035 |
|
|
|a RU\TPU\book\171850
|
| 090 |
|
|
|a 158460
|
| 100 |
|
|
|a 20090423g1988 m y0rusy5003 ca
|
| 101 |
1 |
|
|a rus
|c fre
|
| 102 |
|
|
|a RU
|
| 105 |
|
|
|a a z 000ay
|
| 200 |
0 |
|
|a Т. 4: Счастливцы с острова Отчаяния. И огонь пожирает огонь. Зеленый храм
|e романы
|f под ред. Т. В. Балашовой
|
| 210 |
|
|
|d 1988
|
| 215 |
|
|
|d 21 см
|a 526 с.
|c ил.
|
| 330 |
|
|
|a В четвертый том Собрания сочинений Эрве Базена входят его широко известные романы "Счастливцы с острова Отчаяния" (перевод Л.Токарева), "И огонь пожирает огонь" (перевод Н.Кудрявцевой) и "Зеленый храм" (перевод Р.Родиной)
|
| 461 |
|
1 |
|0 (RuTPU)RU\TPU\book\137970
|y 5-280-00334-4
|t Собрание сочинений
|o В 4 т. : Пер. с фр.
|f Э. Базен
|v Т. 4: Счастливцы с острова Отчаяния. И огонь пожирает огонь. Зеленый храм
|d 1988-
|
| 610 |
1 |
|
|a французская литература
|
| 610 |
1 |
|
|a романы
|
| 610 |
1 |
|
|a семья
|
| 675 |
|
|
|a 84
|z rus
|v 3
|
| 702 |
|
1 |
|a Балашова
|b Т. В.
|g Тамара Владимировна
|4 340
|
| 801 |
|
0 |
|a RU
|b RuMRKP
|c 19950417
|g psbo
|
| 801 |
|
1 |
|a RU
|b 63413507
|c 20090423
|g PSBO
|
| 801 |
|
2 |
|a RU
|b 63413507
|c 20090601
|g PSBO
|
| 942 |
|
|
|c BK
|